000 00493nam a2200181Ia 4500
001 3765
005 20260306145707.0
008 260306t2004||||xx |||||||||||||| ||spa||
041 _aESP
082 _a303.34
_bC28
100 _aCaravedo Molinari, Baltazar, 1947-
_eAUT
245 0 _aLa revolución de las significaciones:
_bliderazgo, empresa y transformación social
260 _c2004
300 _a105 páginas :
_c21 cm.
650 _aGEN
654 _aCHU
942 _cLIB
_dJUS
_fJUS
_2ddc
_n
999 _c3765
_d3765